| 000 | 00618nam a2200205 u 4500 | ||
|---|---|---|---|
| 005 | 20240228063652.0 | ||
| 008 | 141111s2005 r 000 0 eng d | ||
| 020 | _a8478449361 | ||
| 035 | _aUPN01000200668 | ||
| 049 | _aI | ||
| 050 | 4 |
_aPZ78 _bV4.4 |
|
| 245 | 0 | 0 |
_a25 cuentos tradicionales españoles / _cEd. de José María Guelbenzu ; il. de Mariona Cabassa. |
| 260 |
_aBarcelona, Esp. : _bAura : _bSiruela, _c2005. |
||
| 300 |
_a193 p. : _bil. col. |
||
| 440 | 4 | _aLas 3 edades | |
| 650 | 0 |
_aCuentos españoles _912796 |
|
| 650 | 4 |
_aLiteratura infantil española _95892 |
|
| 905 | _aLibro | ||
| 999 |
_c172769 _d172769 |
||